000 00318nam a2200121Ia 4500
005 20251222154309.0
008 251222s9999||||xx |||||||||||||| ||spa||
020 _a84-206-0428-3
082 _a869.019/O93
100 _a"Oviedo, José Miguel"
245 0 _aAntología crética del cuento hispanoamericano
942 _cLIB
999 _c33323
_d33323